Statistics for American Top 40 songs of 2012

Click here to take the quiz!

General Stats

  • This quiz has been taken 80 times
  • The average score is 26 of 40

Answer Stats

PositionSongArtist% Correct
6Payphone feat. Wiz KhalifaMaroon 5
90%
7Stronger (What Doesn't Kill You)Kelly Clarkson
87%
8StarshipsNicki Minaj
87%
11What Makes You BeautifulOne Direction
87%
4Call Me MaybeCarly Rae Jepsen
86%
2Somebody That I Used To KnowGotye
86%
12Set Fire To The RainAdele
84%
3We Are Young feat. Janelle MonaeFun
84%
38BoyfriendJustin Bieber
84%
13Wide AwakeKaty Perry
83%
16We Found Love feat. Calvin HarrisRihanna
81%
27WhistleFlo Rida
79%
18Titanium feat. SiaDavid Guetta
78%
21Part Of MeKaty Perry
76%
25The One That Got AwayKaty Perry
76%
24Blow Me (One Last Kiss)Pink
75%
40Some NightsFun
73%
20DominoJessie J
73%
1Glad You CameThe Wanted
73%
9Wild Ones feat. SiaFlo Rida
71%
10Good FeelingFlo Rida
68%
39Love You Like A Love SongSelena Gomez
65%
14Where Have You BeenRihanna
62%
33One More NightMaroon 5
60%
36Drive ByTrain
60%
5LightsEllie Goulding
59%
30As Long As You Love Me feat. Big SeanJustin Bieber
59%
15Turn Me On feat. Nicki MinajDavid Guetta
57%
26International Love feat. Chris BrownPitbull
57%
17Give Your Heart A BreakDemi Lovato
56%
22It Will RainBruno Mars
54%
31Take Care feat. RihannaDrake
54%
28Feel So CloseCalvin Harris
52%
29Everybody TalksNeon Trees
44%
37Without You feat. UsherDavid Guetta
43%
23ScreamUsher
40%
34Broken HeartedKarmin
38%
35Let's Go feat. Ne-YoCalvin Harris
29%
32Good TimeOwl City & Carly Rae Jepsen
27%
19Back Home feat. Neon HitchGym Class Heroes
19%

Score Distribution

Percentile by Number Answered

Percent of People with Each Score

Your Score History

You have not taken this quiz